000 00307nam a2200121Ia 4500
008 190216s9999||||xx |||||||||||||| ||und||
100 _aRuskin Bond
245 0 _aRain In The Mountains Notes From The Himalayas
260 _bPenguin Books
_c1993
300 _a251p
650 _aEnglish Stories
942 _cBK
999 _c14053
_d14053